| 000 | 00990cam a2200313 4500 | ||
|---|---|---|---|
| 008 | 090401t1997 xxu||||| |||| 00| 0 eng d | ||
| 020 | _a0117533564 | ||
| 035 | _a(Sirsi) u77310 | ||
| 041 | _aeng | ||
| 050 | _a711.309421 | ||
| 110 |
_aGovernment Office for London _92574 |
||
| 245 | _aStrategic planning guidance for the River Thames. | ||
| 260 |
_aLondon _bStationery Office _c1997 |
||
| 300 | _aiv,35p. : ill.,maps ; 30cm. | ||
| 350 | _a27 | ||
| 490 |
_aRPG _v3B/9B |
||
| 520 | _aSupplements RPG3 (1996).Sets out the Government`s planning policies for the River Thmes from Windsor to the sea. | ||
| 650 | _aREGIONAL PLANNING GUIDANCE NOTE 3B/9B | ||
| 650 | _aREGIONAL PLANNING GUIDANCE | ||
| 650 | _aREGIONAL PLANNING | ||
| 650 | _aRIVER THAMES | ||
| 650 | _aRPG3B | ||
| 650 | _aRPG9B | ||
| 650 | _aSTRATEGIC PLANNING | ||
| 690 | _aPLANNING LAW AND PRACTICE | ||
| 710 |
_aUnited Kingdom _bDepartment of the Environment _9982 |
||
| 942 | _n0 | ||
| 948 | _c24/03/1997 | ||
| 999 |
_c96296 _d96296 |
||